MARC

LEADER 00000nam0a2200000 4500
001 313719
005 20231102002615.0
020 |a RU  |b 80-65201 
035 |a (RuTPU)RU\TPU\book\339104 
090 |a 313719 
100 |a 20160202d1980 km y0rusy5003 ca 
101 0 |a rus 
102 |a UA 
105 |a a z 001zy 
200 1 |a Неоднородные волны в геологических средах  |f О. М. Харитонов  |g Академия наук Украинской ССР (АН УССР), Институт геофизики (ИГФ) 
210 |a Киев  |c Наукова думка  |d 1980 
215 |a 256 с.  |c граф., 2 л. ил. 
320 |a Библиогр.: с. 241-252 
606 1 |a Сейсмические волны  |x Наблюдения  |2 stltpush  |3 (RuTPU)RU\TPU\subj\54354  |9 72511 
610 1 |a распространение 
610 1 |a сейсмическая разведка 
610 1 |a неоднородные волны 
610 1 |a геологические среды 
610 1 |a уравнение движения 
610 1 |a сейсмические поля 
610 1 |a спектрально-неоднородные волны 
610 1 |a спектральные характеристики 
610 1 |a методы расчета 
610 1 |a лучевые методы 
675 |a 550.834.04  |z rus  |v 3 
700 1 |a Харитонов  |b О. М.  |g Олег Матвеевич  |4 070 
712 0 2 |a Академия наук Украинской ССР (АН УССР)  |b Институт геофизики (ИГФ)  |c (Киев)  |2 stltpush  |3 (RuTPU)RU\TPU\col\13865 
801 0 |a RU  |b RuMRKP  |c 19950704  |g psbo 
801 1 |a RU  |b 63413507  |c 20160202 
801 2 |a RU  |b 63413507  |c 20191122  |g RCR 
942 |c BK